000 00695nam a2200181 4500
008 030826s1995 us eng
020 _a0891078339 :USD16.99
090 _aBR1617
_bT61e
100 1 _aToon, Peter,
_d1939-
245 1 4 _aThe end of liberal theology :
_bcontemporary challenges to evangelical orthodoxy /
_cPeter Toon.
260 _aWheaton, Ill. :
_bCrossway Books,
_cc1995.
300 _a234 p. ;
_c22 cm.
504 _aIncludes bibliographical references (p. 219-229) and index.
650 4 _aEvangelicalism.
650 4 _aLiberalism (Religion)
650 4 _aTheology, Doctrinal
_xHistory
_y20th century.
951 _p16293
_x00005974
_oBR1617/T61e
_j070613111308468
_d2000-12-21
_cGC
999 _c16771
_d16771